| 000 | 01090cam a2200205 4500 | ||
|---|---|---|---|
| 001 | X125508 | ||
| 008 | 040322n2004 000 0 eng u | ||
| 035 | _a(Sirsi) u125508 | ||
| 100 | _aOrrett, P. | ||
| 245 | _aMatriculation invasion | ||
| 260 | _c2004 | ||
| 490 |
_aInside Housing _v21(9) 5 March 2004, 18-19(2) |
||
| 520 | _aExamines how the housing take-up of a growing student population can have an adverse impact on local housing stock availability. Focuses on the example of Hatfield, where the expansion of the University of Hertfordshire has cost local people at least 720 affordable homes over the last six years. Argues that the provision of more purpose-built student accommodation should be a government priority. Suggests that some of the Communities Plan investment should be channelled into supplying more university accommodation for existing students. | ||
| 650 | _aHIGH DENSITY HOUSING | ||
| 650 | _aSOCIAL HOUSING | ||
| 650 | _aSTUDENT ACCOMMODATION | ||
| 650 | _aHATFIELD | ||
| 690 | _aPROPERTY-RESIDENTIAL PROPERTY-RESIDENTIAL PROPERTY MARKET | ||
| 942 | _n0 | ||
| 999 |
_c74284 _d74284 |
||